| 000 | 00558nam a2200181 a 4500 | ||
|---|---|---|---|
| 020 | _a0030032784 (acidfree paper) | ||
| 082 | 0 | 0 |
_a511.3 _bHAU _cDonation |
| 100 | 1 |
_aHausner, Melvin, _939073 |
|
| 245 | 1 | 0 |
_aDiscrete mathematics / _cMelvin Hausner. |
| 260 |
_aFort Worth : _bSaunders College Pub., _cc1992. |
||
| 300 |
_axv, 720 p. : _bcol. ill. ; _c25 cm. |
||
| 500 | _aIncludes index. | ||
| 526 |
_a0 _b0 _c0 _d511_300000000000000_HAU |
||
| 650 | 0 |
_aComputer science _xMathematics. _917957 |
|
| 650 | 0 | _aMathematics. | |
| 650 | 0 |
_aMCE _9379 |
|
| 942 |
_2ddc _cBK |
||
| 999 |
_c543637 _d543637 |
||